LEADER 00904nam0-22003011i-450- 001 990002010910403321 005 20040615121549.0 035 $a000201091 035 $aFED01000201091 035 $a(Aleph)000201091FED01 035 $a000201091 100 $a20030910d1925----km-y0itay50------ba 101 0 $afre 102 $aFR 105 $ay---a---001yy 200 1 $aContribucion a l'etude de l'appareil respiratoire e de la respiration, chez quelques invertebres$fPaul Remy 210 $aNancy$c[s.n.]$d1925 215 $a222 p.$d25 cm 610 0 $aArtropodi 676 $a595.2 700 1$aRemy,$bPaul$085089 801 0$aIT$bUNINA$gRICA$2UNIMARC 901 $aBK 912 $a990002010910403321 952 $a61 III E.4/23$b918$fDAGEN 959 $aDAGEN 996 $aContribucion a l'etude de l'appareil respiratoire e de la respiration, chez quelques invertebres$9402414 997 $aUNINA LEADER 01030nam0-22003851i-450- 001 990000152660403321 005 20070131131629.0 010 $a88-7146-286-6 035 $a000015266 035 $aFED01000015266 035 $a(Aleph)000015266FED01 035 $a000015266 100 $a20020821d1995----km-y0itay50------ba 101 0 $aita 102 $aIT 105 $ay-------001yy 200 1 $a<>casa del sole$fVirginio Bettini, Andrea Bizzozero, Paolo Rabitti 210 $aNapoli$cCUEN$d1995 215 $a113 p.$cill.$d17 cm 225 1 $aTessere$v16 610 0 $aSole$aEnergia$aImpiego in edilizia 610 0 $aPannelli solari 610 0 $aImpianti solari 676 $a697.78 700 1$aBettini,$bVirginio$f<1942- > 701 1$aBizzozero,$bVirginio 701 1$aRabitti,$bPaolo 801 0$aIT$bUNINA$gRICA$2UNIMARC 901 $aBK 912 $a990000152660403321 952 $a13 E 01 20$b11138$fFINBC 952 $a328110$fDCATA 959 $aFINBC 959 $aDCATA 997 $aUNINA